000 00712nam a2200241Ia 4500
003 OSt
005 20220924124328.0
006 a|||||r|||| 00| 0
007 ta
008 220923b |||||||| |||| 00| 0 tam d
024 _a222686
037 _cTextual
040 _aARTS
_cARTS
_btam
041 _2tam
_atam
082 _aO31,1D5, 111P4
100 _aAtikal Ilanko
_9195466
245 0 _aCilappatikaram the tale of an anklet tr by R Parthasarathy
260 _aNew Delhi
_b Penguin books
_c2004
300 _axix,419p.
_ccm.
700 _a Parthasarathy R Tr.
_9195467
942 _hO31,1D5, 111P4
_cTEXL
_2CC
999 _c419267
_d419267